01040cam9a220025300 4500001001200000008004100012010001600053020000900069035001900078035002100097035002200118040000900140050001900149082001100168245012400179260005000303440004700353500014500400504004100545650009700586700005700683710004000740004000600780lce00968523700717s1969 nyua b 101 0 eng  a 74013890 c6.00 a(Sirsi) r96038 a(DLC) 74013890 a(UPRA)lce00968523 dUPRA0 aTS1548.5b.H47 a667/.400aHigh temperature resistant fibers from organic polymers :bAmerican Chemical Society symposium /cedited by J. Preston. aNew York :bInterscience Publishers,c[c1969] 0aApplied polymer symposia ;vno. 96S9003.1 aContains mainly papers presented at a symposium held at the 156th meeting of the American Chemical Society, Sept. 9-11, 1968, Atlantic City. aIncludes bibliographical references. 0aTextile fibers, Synthetic -- Congresses.xTextile fibers, Synthetic -- Congresses.6S42459.11 aPreston, Jack, 1931-dPreston, Jack, 1931-6A54730.12 aAmerican Chemical Society.6A9034.196038